The Scientific INDIAN a Twenty-First Century Guide to the World Around us (Record no. 60752)

MARC details
000 -LEADER
fixed length control field 00499nam a2200181Ia 4500
008 - FIXED-LENGTH DATA ELEMENTS--GENERAL INFORMATION
fixed length control field 230524s9999 xx 000 0 und d
020 ## - INTERNATIONAL STANDARD BOOK NUMBER
ISBN 9.78801E+13
082 ## - DEWEY DECIMAL CLASSIFICATION NUMBER
Classification number 629.40954
Item number KAL
100 ## - MAIN ENTRY--AUTHOR NAME
Personal name A.P.J. Abdul Kalam
245 #4 - TITLE STATEMENT
Title The Scientific INDIAN a Twenty-First Century Guide to the World Around us
250 ## - EDITION STATEMENT
Edition statement 1
260 ## - PUBLICATION, DISTRIBUTION, ETC. (IMPRINT)
Place of publication New Delhi
Name of publisher penguin
Year of publication 2020
300 ## - PHYSICAL DESCRIPTION
Number of Pages 222p;
500 ## - GENERAL NOTE
General note Quantity Number: 1
650 ## - SUBJECT ADDED ENTRY--TOPICAL TERM
Topical Term Miscellaneous
700 ## - ADDED ENTRY--PERSONAL NAME
Personal name Y.S. Rajan
942 ## - ADDED ENTRY ELEMENTS (KOHA)
Koha item type Books
Holdings
Lost status Damaged status Permanent Location Current Location Shelving location Date acquired Full call number Accession Number Koha item type
    Central Library, Trident Academy of Technology Central Library, Trident Academy of Technology General Stacks 05/24/2023 629.40954 KAL 60752 Books
Trident Academy of Technology © 2023.
All rights reserved.                                                                                                                                                                                                        Designed by Team of Central Library .

Powered by Koha